000 00942cam a2200301 a 4500
999 _c23216
_d23216
001 vtls011713432
005 20220427111833.0
008 200316s2017 xo g 000 f slo
020 _a9788097271404
_q(brož.)
035 _aurn:nbn:sk:snk-am00dg1u
035 _aurn:nbn:sk:snk-am3i120
035 _a5A83FEF0-DB52-4CBC-96DA-9C7FF35489B2
040 _aSVKBB
_bslo
_cSVKBB
_dSNK
_eAACR2
041 0 _aslo
_aeng
044 _axo
_cSK
072 7 _a821.162.4
_xSlovenská literatúra
_2konspekt
080 _a821.162.4-31
_22011
100 1 _aVicen, Dušan,
_d1966-
_92938
245 1 0 _aDotyk s absolútnom
_cDušan Vicen
250 _a1. vyd.
260 _aBratislava
_bAcapu
_c2017
300 _a246 s.
_c21 x 21 cm
546 _aČiastočný text v angličtine
655 7 _aslovenské romány
_2SNKPH
_91694
655 7 _aSlovak fiction
_2SNKPHeng
_91695
958 _aLX